000 01036nam a2200253 a 4500
001 49807
003 BD-RjUL
005 20211209054730.0
008 160822s1945 nyu b 000 0 eng
035 _a(BD-RjUL)49927
040 _aDLC
_cOAU
_dOCoLC
_dDLC
_dBD-RjUL
_beng
041 _aeng
082 _a325.73
_223
_bBRT 1945
100 1 _aBrown, Spencer,
_d1909-
_9149292
245 1 0 _aThey see for themselves :
_ba documentary approach to intercultural education in the high school /
_cby Spencer Brown
260 _aNew York :
_bHarper & Brothers,
_c1945
300 _aix, 147 p. :
_c22 cm.
490 0 _aBureau for Intercultural Education. Publication series. Problems of race and culture in American education ...
_vIII
650 0 _aProject method in teaching.
_9149293
650 0 _aCollege and school drama.
_9149294
651 0 _aUnited States
_xRace relations.
_9128229
830 _aBureau for Intercultural Education. Publication series. Problems of race and culture in American education ...
_vIII
_9149301
942 _2ddc
_cBK
999 _c49807
_d49807